津田英治氏によるATOS放送が残存する駅 - Statistics

General Stats
  • This quiz has been taken 234 times
    128 since last reset
  • The average score is 17 of 30
Answer Stats
Station % Correct
稲毛
72%
市川
68%
津田沼
68%
東所沢
67%
新秋津
66%
新小平
66%
西国分寺
65%
幕張本郷
65%
本八幡
65%
新座
64%
東船橋
64%
北府中
63%
下総中山
61%
西千葉
61%
東浦和
60%
新検見川
59%
西浦和
58%
小岩
57%
東戸塚
57%
平井
56%
保土ケ谷
54%
新川崎
53%
国立
52%
稲城長沼
48%
港南台
47%
洋光台
47%
磯子
46%
南多摩
45%
初狩
44%
吉川
43%
No matching quizzes found
Score Distribution
Percent of People with Each Score
Percentile by Number Answered
Your Score History
You have not taken this quiz since the last reset